Informe del rector del Seminario de Guadalajara, sobre el estado del mismo establecimiento : leído por su autor en la solemne distribución de premios /

Zapisane w:
Opis bibliograficzny
Korporacja: Guadalajara. Seminario de Guadalajara. 1871-1880 (Vargas)
Format: Książka
Język:hiszpański
Hasła przedmiotowe:
Etykiety: Dodaj etykietę
Nie ma etykietki, Dołącz pierwszą etykiete!

MARC

LEADER 00000nam^a2200000^a^4500
001 000160881
005 20250526000000.0
009 20260310100737.993
037 |a Acervo ITESO - Biblioteca 
041 |a ESP 
082 |a 207. 112097352  |b SEM GUA-ir 1871-1880 
110 |a Guadalajara.  |b Seminario de Guadalajara. 1871-1880 (Vargas) 
240 1 1 |a [Informes del Rector] 
245 1 0 |a Informe del rector del Seminario de Guadalajara, sobre el estado del mismo establecimiento :  |b leído por su autor en la solemne distribución de premios /  |c F.M Vargas. 
264 |a Guadalajara, México :  |b Tipografía de Dionisio Rodríguez,  |c 1871 
300 |a 1 v. (varias paginaciones) ;  |c 19.5 cm. 
649 |a XX 
650 |a Informes Escolares -  |z Guadalajara, Jalisco -  |x Historia -  |y 1871-1879 
650 |a Autoridades Escolares 
650 |a Seminarios Teológicos -  |z Guadalajara, Jalisco -  |x Historia -  |y 1871-1879 
650 |a Seminarios Teológicos -  |z México -  |x Historia -  |y 1871-1879 
650 |a Educación Religiosa -  |z Guadalajara, Jalisco -  |x Historia -  |y 1871-1879 
650 |a Educación Religiosa -  |z México -  |x Historia -  |y 1871-1879 
650 |a Iglesia Católica en Guadalajara, Jalisco -  |x Historia -  |y Siglo XIX 
650 |a Iglesia Católica en México -  |x Historia -  |y Siglo XIX 
650 |a Guadalajara, Jalisco -  |x Historia -  |y 1871-1879 
650 |a México -  |x Historia -  |y 1870-1879 
650 |a Guadalajara, Jalisco -  |x Historia -  |y Siglo XIX 
650 |a México -  |x Historia -  |y Siglo XIX 
650 |a Guadalajara, Jalisco -  |x Condiciones Sociales y Culturales 
650 |a México -  |x Condiciones Sociales y Culturales 
910 |a Fondo Salvador Reynoso Reynoso 
920 |a Impresos - Libros 
930 |a Libros Antiguos y Raros 
905 |a 108 
901 |a 0800016627  |b IT2  |c LRA  |u 20250526 
902 |a https://opac.biblio.iteso.mx/vufind/Record/000160881